000 00670nam a22002057a 4500
003 OSt
005 20260130020959.0
008 260130b |||||||| |||| 00| 0 eng d
040 _aDWC-Main Lib.
_cOC
082 _aCirc. 610.73 P173 2006
100 _aPalmejar, Menchie P.
245 _aCompanion to essentials in nursing/
_cMenchie P. Palmejar,
260 _aManila :
_bEducational Publishing House,
_c[c2006?]
300 _axxi, 360 p. ;
_c18 cm.
504 _aIncludes bibliographical references.
650 _a1. Nursing performance procedure and rationale.
650 _a2. Nursing theories.
650 _a3. Nursing.
942 _2ddc
_cBK-CIRC
_hCirc.
_n0
999 _c8014
_d8014